000 01075nam a2200253Ia 4500
999 _c4070
_d4070
003 OSt
005 20200511123835.0
008 191128s1998 ck a br 000 j spa d
020 _a9583800732
040 _aCO-JMCR
_cCO-JMCR
041 0 _aspa
082 0 4 _aC /
_bMOLa
100 1 _aMolina, Alicia,
_d1945
_eautora
_94177
245 1 3 _aEl agujero negro /
_cAlicia Molina ; ilustraciones Enrique Martínez
250 _aSegunda edición
260 _aBogotá :
_bFondo de Cultura Económica ;
_c1998
300 _a47 páginas :
_bilustraciones en blanco y negro ;
_c19 cm.
490 _aA la orilla del viento. Para los que empiezan a leer ; 5
520 _aCamila tenía un pequeo problema. "Si me siento debajo de la escalera y pienso, lo puedo resolver en un ratito". Se acomodó debajo de la escalera que daba al jardín pensó un ratito y otro más. Entonces se dio cuenta de que entre más pensaba.
521 _aRecomendado a partir de los 8 años.
650 _aCuento infantil
_94178
700 _aMartínes, Enrique,
_eilustrador
_94179
942 _2ddc
_cBK